000 00406 a2200169 4500
001 188316
020 _a978-85-357-1162-2
040 _cMagnum
100 _aMagalhães, Thereza Cochar
240 1 0 _aInterpretação de textos
_lpor
245 1 0 _aInterpretação de textos
300 _a224
362 0 _a2009
440 1 _aAtual
697 _aLÍNGUA, TEORIA DA LITERATURA E GRAMÁTICA
942 _cBK
999 _c188316
_d188316